Guess the NBA Player - Statistics

General Stats
  • This quiz has been taken 20 times
  • The average score is 8 of 15
Answer Stats
Hint Answer % Correct
DEN-NYK-OKC-HOU-POR-LAL Carmelo Anthony
100%
MEM-LAL-CHI-SAS-MIL Pau Gasol
74%
DAL-PHO-NJN-DAL-NYK Jason Kidd
68%
PHO-DAL-PHO-LAL Steve Nash
68%
PHI-DEN-DET-MEM-PHI Allen Iverson
63%
MIN-BOS-BRK Kevin Garnett
58%
MIL-SEA-BOS-MIA Ray Allen
58%
SAS-CHO Tony Parker
53%
TOR-NJN-ORL-PHO-DAL-MEM-SAC-ATL Vince Carter
53%
BOS-BRK-WAS-LAC Paul Pierce
47%
TOR-ORL-HOU-NYK-DET-ATL Tracy McGrady
47%
ORL-LAL-HOU-ATL-CHO-WAS-LAL-PHI-LAL Dwight Howard
42%
PHO-NYK-DAL-MIA Amar'e Stoudemire
37%
BOS-TOR-DEN-MIN-DET-DEN-NYK-LAC-DET Chauncey Billups
26%
GSW-WSB-SAC-PHI-DET-GSW Chris Webber
26%
No matching quizzes found
Score Distribution
Percent of People with Each Score
Percentile by Number Answered
Your Score History
You have not taken this quiz